Państwa z jednym sąsiadem - nagła śmierć - Statystyki

Ogólne statystyki
  • Ten quiz został rozwiązany 112 razy
  • Średni wynik to 13 z 17
Answers on the Grid
Answers color-coded by a green-red scale on the quiz's grid according to % correct below.
Andora
Brunei
Burkina Faso
Cypr
Czarnogóra
Dania
Dominika
Dominikana
Estonia
Gambia
Grecja
Gwinea
Gwinea Równikowa
Gwinea-Bissau
Haiti
Irlandia
Kanada
Katar
Korea Południowa
Lesotho
Malta
Meksyk
Monako
Mongolia
Nowa Zelandia
Papua-Nowa Gwinea
Portugalia
Salwador
San Marino
Senegal
Timor Wschodni
Vanuatu
Watykan
Wielka Brytania
 
Statystyki odpowiedzi
Odpowiedź % Poprawnych
Watykan
88%
San Marino
87%
Kanada
85%
Korea Południowa
85%
Portugalia
83%
Wielka Brytania
82%
Monako
80%
Haiti
77%
Irlandia
77%
Lesotho
77%
Dania
75%
Dominikana
70%
Timor Wschodni
70%
Papua-Nowa Gwinea
67%
Katar
63%
Brunei
62%
Gambia
58%
Nie znaleziono quizów pasujących do podanych kryteriów
Rozkład punktacji
Procent ludzi z każdym wynikiem
Percentyl według liczby udzielonych odpowiedzi
Twoja historia wyników
Nie rozwiązałeś tego quizu